Statistiken für Eliminierung nach Kategorie - Europäische Länder

Klicken Sie hier um das Quiz zu spielen!

Allgemein

  • Dieses Quiz wurde 671 mal gespielt
  • Das Durchschnittsergebnis liegt bei 13 aus 16

Antwortstatistiken

Gruppe#Kategorie% Korrekt
Grün30Länder, die nicht Binnenländer sind
99%
Grün9... die kleiner sind, als die Slowakei
95%
Gelb14Länder mit einer Bevölkerung von mehr als 10 Millionen
92%
Blau37Länder, die kleiner sind, als Finnland
89%
Gelb7... komplett östlich von Bern
88%
Gelb3... die flächenmäßig größer sind als Deutschland
87%
Grün4... die nicht im Süden liegen
86%
Blau15... die komplett westlicher liegen, als Prag
86%
Blau9... mit einer Monarchie
85%
Rosa28Länder, die komplett westlich der Ukraine liegen
84%
Grün1...das an Nord und Ostsee grenztDänemark
82%
Rosa5... die nach 2000 der EU beigetreten sind
76%
Rosa3... die am Meer liegen
70%
Gelb1... deren Hauptstadt auf u endetRussland
68%
Blau1... deren Hauptstadt aus 3 Wörtern bestehtAndorra
60%
Rosa1... dessen Name einer Hunderasse ähneltMalta
27%

Verteilung der Resultate

Perzentil nach korrekt beantworteten Fragen

Anzahl Personen mit jedem Resultat

Ihre Resultats-Entwicklung

Sie haben dieses Quiz noch nicht gespielt